[Event "FRA-chT 0102 U18"]
[Site "France"]
[Date "2002.01.05"]
[Round "6.8"]
[White "Lacoste, David"]
[Black "Rolando, Alexandre"]
[Result "1-0"]
[WhiteElo "1170"]
[BlackElo "1010"]
[PlyCount "65"]
[EventDate "2001.10.??"]
[EventType "team"]
[EventRounds "11"]
[EventCountry "FRA"]
[SourceTitle "EXT 2003"]
[Source "ChessBase"]
[SourceDate "2002.11.25"]
[SourceVersion "1"]
[SourceVersionDate "2002.11.25"]
[SourceQuality "1"]
[WhiteTeam "Avignon"]
[BlackTeam "Nice"]
[WhiteTeamCountry "FRA"]
[BlackTeamCountry "FRA"]

1. d4 d5 2. Nf3 Nf6 3. Bf4 Bf5 4. e3 e6 5. Nbd2 Nbd7 6. Be2 Nb6 7. 0-0 Be7 8. Nh4 g6 9. Nxf5 gxf5 10. Bd3 Nh5 11. Be5 f6 12. Qxh5+ Kd7 13. Bb5+ c6 14. Bd3 Kc8 15. Bf4 Bb4 16. c3 Bd6 17. Nf3 Qe7 18. Bxd6 Qxd6 19. Rfe1 Na4 20. Rab1 e5 21. Bxf5+ Kc7 22. dxe5 fxe5 23. Qf7+ Kb6 24. b4 Nxc3 25. Ra1 Qxb4 26. a3 Rhf8 27. Qxh7 Qd6 28. Bd3 e4 29. Rec1 Na4 30. Rab1+ Ka5 31. Nd2 b5 32. Qb7 Rab8 33. Qxa7# 1-0

[Event "FRA-chT 0102 U18"]
[Site "France"]
[Date "2001.11.25"]
[Round "2.8"]
[White "Rolando, Alexandre"]
[Black "Alary, Hugo"]
[Result "1-0"]
[WhiteElo "1010"]
[BlackElo "1300"]
[PlyCount "125"]
[EventDate "2001.10.??"]
[EventType "team"]
[EventRounds "11"]
[EventCountry "FRA"]
[SourceTitle "EXT 2003"]
[Source "ChessBase"]
[SourceDate "2002.11.25"]
[SourceVersion "1"]
[SourceVersionDate "2002.11.25"]
[SourceQuality "1"]
[WhiteTeam "Nice"]
[BlackTeam "Grasse"]
[WhiteTeamCountry "FRA"]
[BlackTeamCountry "FRA"]

1. e4 d6 2. d4 Nf6 3. Nc3 g6 4. Nf3 Bg7 5. Bc4 0-0 6. 0-0 Bg4 7. Bf4 Nbd7 8. Re1 c6 9. e5 Ne8 10. e6 fxe6 11. Bxe6+ Kh8 12. Bxg4 Rxf4 13. Be6 Bf6 14. h3 Nc7 15. Bc4 d5 16. Bb3 b5 17. Ne2 Re4 18. c4 bxc4 19. Bc2 Qb8 20. Bxe4 dxe4 21. Nd2 Qxb2 22. Nxc4 Qb4 23. Nd2 Bxd4 24. Nxe4 Bxa1 25. Qxa1+ e5 26. N4c3 Qb7 27. Rd1 Rd8 28. Ne4 Qb8 29. Rd6 Nc5 30. Qxe5+ Kg8 31. Rxd8+ Qxd8 32. Nxc5 Ne8 33. Qe6+ Kf8 34. Nd7+ Kg7 35. Qxc6 Qe7 36. Nd4 a6 37. a4 Qe1+ 38. Kh2 Qxf2 39. Ne6+ Kh6 40. Nec5 Qf4+ 41. g3 Qf2+ 42. Qg2 Qd4 43. a5 Nc7 44. Qc6 Nd5 45. Nxa6 Qd2+ 46. Kh1 Nc3 47. Qg2 Qe1+ 48. Qg1 Qd2 49. Ndc5 Ne2 50. Qg2 Qe1+ 51. Kh2 Nc3 52. h4 Qe5 53. Qd2+ Kg7 54. Nd3 Qxa5 55. Nab4 Ne4 56. Qe3 Qa2+ 57. Kh3 Nf6 58. Nxa2 h6 59. Qe7+ Kg8 60. Qxf6 g5 61. Ne5 gxh4 62. Qf7+ Kh8 63. Ng6# 1-0